Archivo: La oreja roja (Record no. 887)

MARC details
000 -LEADER
campo de control de longitud fija 00728nam a22001937a 4500
008 - DATOS DE LONGITUD FIJA--INFORMACIÓN GENERAL
campo de control de longitud fija 160307b xxu||||| |||| 00| 0 eng d
082 ## - NÚMERO DE LA CLASIFICACIÓN DECIMAL DEWEY
Número de clasificación 708
Número de ítem M5380
100 ## - ENTRADA PRINCIPAL--NOMBRE DE PERSONA
Nombre de persona Mendez, Mariangela [Curadora]
9 (RLIN) 4891
245 ## - MENCIÓN DEL TÍTULO
Título Archivo: La oreja roja
246 ## - FORMA VARIANTE DEL TITULO
Título propio/Titulo breve La oreja roja
260 ## - PUBLICACIÓN, DISTRIBUCIÓN, ETC.
Lugar de publicación, distribución, etc. Bogotá :
Nombre del editor, distribuidor, etc. [Ministerio de Cultura],
Fecha de publicación, distribución, etc. 2009
300 ## - DESCRIPCIÓN FÍSICA
Extensión 167 p. ;
Otras características físicas ill. (col.) ;
Dimensiones 24 cm.
500 ## - NOTA GENERAL
Nota general Un proyecto de investigación curatorial de Mariangela Mendez y Verónica Wiman para los 13 Salones Regionales de Artistas, Región Centro.
650 ## - PUNTO DE ACCESO ADICIONAL DE MATERIA--TÉRMINO DE MATERIA
Término de materia o nombre geográfico como elemento de entrada Investigación curatorial
9 (RLIN) 4892
650 ## - PUNTO DE ACCESO ADICIONAL DE MATERIA--TÉRMINO DE MATERIA
Término de materia o nombre geográfico como elemento de entrada Artistas colombianos
9 (RLIN) 4893
650 ## - PUNTO DE ACCESO ADICIONAL DE MATERIA--TÉRMINO DE MATERIA
Término de materia o nombre geográfico como elemento de entrada Arte
Subdivisión geográfica Colombia
9 (RLIN) 3490
650 ## - PUNTO DE ACCESO ADICIONAL DE MATERIA--TÉRMINO DE MATERIA
Término de materia o nombre geográfico como elemento de entrada Exposiciones
9 (RLIN) 4894
700 ## - ENTRADA AGREGADA--NOMBRE PERSONAL
Nombre de persona Wiman, Verónica [Curadora]
9 (RLIN) 4895
Holdings
Estatus retirado Estado de pérdida Fuente del sistema de clasificación o colocación Estado de daño No para préstamo Biblioteca de origen Biblioteca actual Ubicación en estantería Fecha de adquisición Total de préstamos Signatura topográfica completa Código de barras Visto por última vez Precio de reemplazo Tipo de ítem Koha
    Clasificación Decimal Dewey     Biblioteca LadoV Biblioteca LadoV   07/03/2016   708 M5380 003964 07/03/2016 07/03/2016 Material 01